000 00849cam a22002651 4500
001 gs 65000137
003 DLC
005 20260227111416.0
008 790612s1965 nyuaf b 000 0 eng c
010 _ags 65000137
035 _a(OCoLC)5056544
040 _aU.S. Geol. Survey. Libr.
_cNIC
_dOCoLC
_dDLC
042 _apremarc
050 0 0 _aQE801
_b.J8
082 _a564.09872
100 1 _aJung, Peter,
_cPh. D.
245 1 0 _aMiocene Mollusca from the Paraguana Peninsula, Venezuela.
260 _aIthaca, N.Y.,
_bPaleontological Research Institution,
_c1965.
300 _a390-652 p.
_billus., (1 fold.) 30 plates.
_c23 cm.
440 0 _aBulletins of American paleontology,
_vv. 49, no. 223
502 _aThesis--Basel.
504 _aBibliography: p. 594-606.
650 0 _aMollusks, Fossil
_zVenvuela.
650 0 _aPaleontology
_yMiocene.
999 _c29990
_d29990